Statistics for Hobbit: Misty Mountain lyrics 1-2

Click here to take the quiz!

General Stats

  • This quiz has been taken 179 times
  • The average score is 28 of 51

Answer Stats

Answer % Correct
misty
98%
the
95%
The
95%
mountains
92%
cold
87%
we
87%
deep
86%
over
86%
Far
85%
and
85%
to
84%
dungeons
80%
caverns
80%
old
77%
of
76%
day
76%
gold.
76%
must
76%
away
75%
our
75%
break
74%
forgotten
73%
long
72%
find
68%
ere
56%
in
31%
where
24%
dwarves
21%
yore
20%
halls
20%
dark
20%
mighty
18%
sleep
18%
fell
18%
like
18%
things
18%
beneath
18%
hammers
17%
ringing
17%
fells.
17%
places
16%
bells
16%
while
16%
spells
16%
made
16%
hollow
14%

Score Distribution

Percentile by Number Answered

Percent of People with Each Score

Your Score History

You have not taken this quiz